书目信息 |
| 题名: |
“放谈”东北人
|
|
| 作者: | 杨军 , 周树兴 主编 | |
| 分册: | ||
| 出版信息: | 北京 中国社会出版社 1995.09 |
|
| 页数: | 341页 | |
| 开本: | 32开 | |
| 丛书名: | ||
| 单 册: | ||
| 中图分类: | I267.1 | |
| 科图分类: | ||
| 主题词: | 散文--中国 , 散文--作品综合集--中国 | |
| 电子资源: | ||
| ISBN: | 7-80088-704-9 | |
| 000 | 00632nam0 2200217 45 | |
| 001 | 0104120948 | |
| 005 | 20010412094300.9 | |
| 010 | @a7-80088-704-9@d15.60元 | |
| 100 | @a20010412d1995 km y0chiy0120 ea | |
| 101 | 0 | @achi |
| 105 | @a z 000yy | |
| 200 | 1 | @a“放谈”东北人@A“Fang Tan”Dong Bei Ren@f杨军,周树兴主编@FYang Jun,Zhou Shu Xing Zhu Bian |
| 210 | @a北京@c中国社会出版社@d1995.09 | |
| 215 | @a341页@d32开 | |
| 606 | 0 | @a散文@x中国 |
| 606 | 0 | @a散文@x作品综合集@x中国 |
| 690 | @aI267.1@v3 | |
| 701 | 0 | @a杨军@4主编 |
| 701 | 0 | @a周树兴@4主编 |
| 801 | @aCN@bPftUser@c20010412 | |
| 905 | @b337354-355@dI267.1@eY.863@f2 | |
| “放谈”东北人/杨军,周树兴主编.-北京:中国社会出版社,1995.09 |
| 341页;32开 |
| ISBN 7-80088-704-9:15.60元 |
| ● |
| 相关链接 |
|
|
|
正题名:"放谈"东北人
索取号:I267.1/Y.863
 
预约/预借
| 序号 | 登录号 | 条形码 | 馆藏地/架位号 | 状态 | 备注 |
| 1 | 337354 | 203373544 | 文学库116/400B社科库 20排2列3层/ [索取号:I267.1/Y.863] | 在馆 | |
| 2 | 337355 | 203373553 | 社科二线400B/400B社科库 16排3列5层/ [索取号:I267.1/Y.863] | 在馆 |